header

Food for health in the Pacific Rim (Record no. 180911)

MARC details
000 -LEADER
fixed length control field 02174nam a2200409Ia 4500
082 04 - DEWEY DECIMAL CLASSIFICATION NUMBER
Classification number 664/.07
245 10 - TITLE STATEMENT
Title Food for health in the Pacific Rim
260 ## - PUBLICATION, DISTRIBUTION, ETC. (IMPRINT)
Place of publication Trumbull, Conn. :
Name of publisher Food & Nutrition Press,
Year of publication c1999.
300 ## - PHYSICAL DESCRIPTION
Number of Pages xxiii, 611 p. :
Other physical details ill.
490 1# - SERIES STATEMENT
Series statement Publications in food science and nutrition
500 ## - GENERAL NOTE
General note "Food for health in the Pacific Rim includes most of the papers presented at the Conference of the same title held at the University of California, Davis on October 19-23, 1997, jointly sponsored by the University of California, Davis and the Wuxi University of Light Industry ... This conference was the third in the series of International Conferences on Food Science and Technology"--P. xv.
650 #0 - SUBJECT ADDED ENTRY--TOPICAL TERM
Topical Term Food
Topical Term Nutrition
700 1# - ADDED ENTRY--PERSONAL NAME
Personal name Whitaker, John R.
856 40 - ELECTRONIC LOCATION AND ACCESS
Uniform Resource Identifier http://site.ebrary.com/lib/rucke/Doc?id=10296476

No items available.

© 2026 Rongo University
Contact us: librarian | system librarian | Rongo university